UFC Champions - aktuelle Champions - Statistiken

Allgemein
  • Dieses Quiz wurde 187 mal gespielt
    113 seit der letzten Aktualisierung
  • Das Durchschnittsergebnis liegt bei 7 aus 8
Antwortstatistiken
Gewichtsklasse UFC Champion % Korrekt
Schwergewicht Jon Jones
95%
Leichtgewicht Islam Makhachev
94%
Federgewicht Ilia Topuria
89%
Bantamgewicht Merab Dvalishvili
88%
Mittelgewicht Dricus du Plessis
80%
Halbschwergewicht Magomed Ankalaev
78%
Weltergewicht Belal Muhammad
73%
Fliegengewicht Alexandre Pantoja
71%
Keine übereinstimmenden Quizze gefunden
Verteilung der Resultate
Anzahl Personen mit jedem Resultat
Perzentil nach korrekt beantworteten Fragen
Ihre Resultats-Entwicklung
Sie haben dieses Quiz seit der letzten Aktualisierung nicht gespielt